| 000 | 00471 a2200169 4500 | ||
|---|---|---|---|
| 999 |
_c5885 _d5885 |
||
| 020 | _a9789351111535 | ||
| 050 | _aSH1BAA2013 | ||
| 100 |
_aBaalachandran P.S _eauthor |
||
| 245 |
_aIndustrial marine fisheries / _bP S Baalachandran |
||
| 264 |
_aNew Delhi : _b Random Publications, _c2013 |
||
| 300 | _a280p. : | ||
| 500 | _aincludes index | ||
| 650 | _amanagement of marine fishery | ||
| 650 | _a Fisheries. | ||
| 650 | _aFischwirtschaft | ||
| 942 |
_2lcc _cBK _h1 _iBAA _kSH |
||